[Event "ESTCC 50 2019"]
[Site "Mali Losinj"]
[Date "2019.09.25"]
[Round "8.6"]
[White "Fox, Anthony"]
[Black "Zelcic, Robert"]
[Result "0-1"]
[WhiteElo "2023"]
[BlackElo "2503"]
[Annotator "ChessBase"]
[PlyCount "98"]
[EventDate "2019.09.18"]
[EventType "team-tourn"]
[EventCountry "CRO"]
[SourceTitle "playchess.com"]
[Source "ChessBase"]
[SourceQuality "1"]
[WhiteTeam "Ireland"]
[BlackTeam "Croatia"]
[WhiteTeamCountry "IRL"]
[BlackTeamCountry "CRO"]
[TimeControl "40/5400+30:1800+30"]

1. e4 {[%emt 0:00:30]} Nf6 {[%emt 0:00:30]} 2. e5 {[%emt 0:00:00]} Nd5 {[%emt 0:00:30]} 3. d4 {[%emt 0:00:00]} d6 {[%emt 0:00:00]} 4. Nf3 {[%emt 0:00:30]} Bg4 {[%emt 0:00:00]} 5. Be2 {[%emt 0:00:30]} c6 {[%emt 0:00:30]} 6. O-O {[%emt 0:01:30]} Bxf3 {[%emt 0:00:00]} 7. Bxf3 {[%emt 0:00:30]} dxe5 {[%emt 0:00:00]} 8. dxe5 {[%emt 0:00:30]} e6 {[%emt 0:00:00]} 9. c4 {[%emt 0:14:30]} Ne7 {[%emt 0:00:00]} 10. Qxd8+ {[%emt 0:01:30]} Kxd8 {[%emt 0:00:30]} 11. Be4 {[%emt 0:05:30]} Nd7 {[%emt 0:04:30]} 12. f4 {[%emt 0:01:30]} Nf5 {[%emt 0:00:30]} 13. Bxf5 {[%emt 0:00:30]} Bc5+ {[%emt 0:03:30]} 14. Kh1 {[%emt 0:00:30]} exf5 {[%emt 0:00:00]} 15. Nd2 {[%emt 0:01:30]} Ke7 {[%emt 0:01:00]} 16. Nf3 {[%emt 0:03:30]} Rhd8 {[%emt 0:03:30]} 17. b3 {[%emt 0:21:30]} Nf8 {[%emt 0:03:30]} 18. Bb2 {[%emt 0:02:30]} Ne6 {[%emt 0:00:30]} 19. g3 {[%emt 0:02:30]} Rd3 {[%emt 0:00:30]} 20. Rad1 {[%emt 0:04:30]} Rad8 {[%emt 0:00:00]} 21. Rxd3 {[%emt 0:00:30]} Rxd3 {[%emt 0:00:00]} 22. Kg2 {[%emt 0:00:30]} a5 {[%emt 0:11:30]} 23. Rc1 {[%emt 0:04:30]} h5 {[%emt 0:03:30]} 24. h4 {[%emt 0:01:30]} g6 {[%emt 0:01:30]} 25. Rc3 {[%emt 0:01:30]} Rd8 {[%emt 0:00:30]} 26. Rc2 {[%emt 0:00:30]} a4 {[%emt 0:02:30]} 27. Bc3 {[%emt 0:06:30]} axb3 {[%emt 0:00:30]} 28. axb3 {[%emt 0:00:00]} Rd1 {[%emt 0:00:30]} 29. b4 {[%emt 0:03:00]} Be3 {[%emt 0:00:00]} 30. Re2 {[%emt 0:03:45]} Rd3 {[%emt 0:03:00]} 31. Rc2 {[%emt 0:00:11]} Ke8 {[%emt 0:10:30]} 32. Ne1 {[%emt 0:05:30]} Rxc3 {[%emt 0:01:30]} 33. Rxc3 {[%emt 0:00:49]} Bd2 {[%emt 0:00:30]} 34. Ra3 {[%emt 0:03:50]} Bxe1 {[%emt 0:00:00]} 35. Ra7 {[%emt 0:02:19]} Nd8 {[%emt 0:05:00]} 36. b5 {[%emt 0:00:24]} cxb5 {[%emt 0:00:30]} 37. cxb5 {[%emt 0:00:26]} Bb4 {[%emt 0:00:30]} 38. Ra4 {[%emt 0:01:47]} Bc5 {[%emt 0:00:30]} 39. Rc4 {[%emt 0:00:10]} b6 {[%emt 0:00:00]} 40. Ra4 {[%emt 0:00:25]} Ne6 {[%emt 0:00:00]} 41. Ra1 {[%emt 0:32:19]} Nd4 {[%emt 0:32:30]} 42. Rb1 {[%emt 0:01:56]} Ke7 {[%emt 0:00:00]} 43. Rb2 {[%emt 0:01:07]} Ke6 {[%emt 0:00:00]} 44. Rb1 {[%emt 0:00:13]} Kd5 {[%emt 0:00:30]} 45. Rd1 {[%emt 0:02:06]} Kc4 {[%emt 0:00:30]} 46. Ra1 {[%emt 0:00:50]} Nxb5 {[%emt 0:00:30]} 47. e6 {[%emt 0:00:17]} fxe6 {[%emt 0:00:00]} 48. Ra8 {[%emt 0:00:11]} Nd4 {[%emt 0:00:00]} 49. Rg8 {[%emt 0:00:22]} b5 {[%emt 0:00:00]} 0-1

[Event "ESTCC 50 2019"]
[Site "Mali Losinj"]
[Date "2019.09.25"]
[Round "8.7"]
[White "Kurajica, Bojan"]
[Black "Cafolla, Peter"]
[Result "1-0"]
[WhiteElo "2493"]
[BlackElo "1919"]
[Annotator "ChessBase"]
[PlyCount "63"]
[EventDate "2019.09.18"]
[EventType "team-tourn"]
[EventCountry "CRO"]
[SourceTitle "playchess.com"]
[Source "ChessBase"]
[SourceQuality "1"]
[WhiteTeam "Croatia"]
[BlackTeam "Ireland"]
[WhiteTeamCountry "CRO"]
[BlackTeamCountry "IRL"]
[TimeControl "40/5400+30:1800+30"]

1. Nf3 {[%emt 0:01:30]} d5 {[%emt 0:00:30]} 2. d4 {[%emt 0:00:00]} e6 {[%emt 0:00:00]} 3. g3 {[%emt 0:00:00]} c5 {[%emt 0:00:00]} 4. c4 {[%emt 0:01:30]} Nc6 {[%emt 0:00:30]} 5. cxd5 {[%emt 0:00:30]} exd5 {[%emt 0:00:00]} 6. Bg2 {[%emt 0:00:30]} Nf6 {[%emt 0:00:00]} 7. O-O {[%emt 0:00:30]} Be7 {[%emt 0:00:30]} 8. dxc5 {[%emt 0:00:30]} Bxc5 {[%emt 0:00:00]} 9. Bg5 {[%emt 0:01:30]} O-O {[%emt 0:03:00]} 10. Nc3 {[%emt 0:00:30]} d4 {[%emt 0:00:30]} 11. Bxf6 {[%emt 0:03:30]} Qxf6 {[%emt 0:00:30]} 12. Nd5 {[%emt 0:00:30]} Qd8 {[%emt 0:01:30]} 13. Nd2 {[%emt 0:00:30]} Re8 {[%emt 0:07:30]} 14. Rc1 {[%emt 0:04:30]} Bb6 {[%emt 0:03:30]} 15. Nc4 {[%emt 0:08:30]} Be6 {[%emt 0:02:30]} 16. Nf4 {[%emt 0:00:30]} Rc8 {[%emt 0:05:30]} 17. Nxe6 {[%emt 0:00:30]} fxe6 {[%emt 0:00:00]} 18. Be4 {[%emt 0:08:30]} Bc7 {[%emt 0:07:00]} 19. Qd3 {[%emt 0:01:30]} h6 {[%emt 0:01:30]} 20. Rfd1 {[%emt 0:02:30]} Bb6 {[%emt 0:15:30]} 21. a3 {[%emt 0:07:30]} Re7 {[%emt 0:04:30]} 22. Nxb6 {[%emt 0:13:30]} Qxb6 {[%emt 0:02:30]} 23. Bxc6 {[%emt 0:01:30]} Rxc6 {[%emt 0:09:30]} 24. Rxc6 {[%emt 0:02:30]} Qxc6 {[%emt 0:00:30]} 25. Qxd4 {[%emt 0:00:30]} a6 {[%emt 0:00:30]} 26. Qd8+ {[%emt 0:00:30]} Re8 {[%emt 0:00:30]} 27. Qd7 {[%emt 0:00:30]} Rc8 {[%emt 0:00:30]} 28. Rd6 {[%emt 0:06:30]} Qc1+ {[%emt 0:03:30]} 29. Kg2 {[%emt 0:01:30]} Qc2 {[%emt 0:04:30]} 30. Qxe6+ {[%emt 0:07:30]} Kh8 {[%emt 0:01:30]} 31. Qe5 {[%emt 0:05:30]} Rc5 {[%emt 0:01:30]} 32. Rxh6+ {[%emt 0:00:30]} 1-0

[Event "ESTCC 50 2019"]
[Site "Mali Losinj"]
[Date "2019.09.25"]
[Round "8.8"]
[White "Lyons, Brendan"]
[Black "Fercec, Nenad"]
[Result "0-1"]
[WhiteElo "1971"]
[BlackElo "2439"]
[Annotator "NA"]
[PlyCount "58"]
[EventDate "2019.09.18"]
[EventType "team-tourn"]
[EventCountry "CRO"]
[SourceTitle "playchess.com"]
[Source "ChessBase"]
[SourceQuality "1"]
[WhiteTeam "Ireland"]
[BlackTeam "Croatia"]
[WhiteTeamCountry "IRL"]
[BlackTeamCountry "CRO"]
[TimeControl "40/5400+30:1800+30"]

1. e4 {[%emt 0:00:30]} c5 {[%emt 0:00:30]} 2. Nf3 {[%emt 0:00:30]} d6 {[%emt 0:00:30]} 3. g3 {[%emt 0:00:30]} g6 {[%emt 0:00:30]} 4. Bg2 {[%emt 0:00:30]} Bg7 {[%emt 0:00:00]} 5. O-O {[%emt 0:00:30]} Nc6 {[%emt 0:00:00]} 6. c3 {[%emt 0:01:30]} e5 {[%emt 0:00:30]} 7. d3 {[%emt 0:01:30]} Nge7 {[%emt 0:00:30]} 8. a3 {[%emt 0:01:30]} O-O {[%emt 0:00:30]} 9. b4 {[%emt 0:00:30]} a6 {[%emt 0:00:00]} 10. Nbd2 {[%emt 0:13:30]} h6 {[%emt 0:01:00]} 11. Bb2 {[%emt 0:01:30]} Be6 {[%emt 0:04:30]} 12. Nb3 {[%emt 0:00:30]} b6 {[%emt 0:05:30]} 13. d4 {[%emt 0:11:30]} exd4 {[%emt 0:02:30]} 14. cxd4 {[%emt 0:06:30]} Bc4 {[%emt 0:00:30]} 15. Re1 {[%emt 0:07:30]} cxb4 {[%emt 0:00:30]} 16. axb4 {[%emt 0:26:30]} Nxb4 {[%emt 0:01:30]} 17. Ba3 {[%emt 0:03:30]} a5 {[%emt 0:00:30]} 18. Nfd2 {[%emt 0:05:59]} b5 {[%emt 0:08:30]} 19. e5 {[%emt 0:02:00]} Bd5 {[%emt 0:09:30]} 20. Bxb4 {[%emt 0:07:16]} axb4 {[%emt 0:00:30]} 21. Rxa8 {[%emt 0:00:35]} Qxa8 {[%emt 0:02:30]} 22. exd6 {[%emt 0:00:19]} Nf5 {[%emt 0:00:30]} 23. Ne4 {[%emt 0:03:56]} Nxd6 {[%emt 0:00:30]} 24. Nxd6 {[%emt 0:02:19]} Bxg2 {[%emt 0:00:00]} 25. Nxb5 {[%emt 0:00:58]} Bh1 {[%emt 0:05:00]} 26. d5 {[%emt 0:00:31]} Qxd5 {[%emt 0:00:00]} 27. Qxd5 {[%emt 0:00:29]} Bxd5 {[%emt 0:00:00]} 28. Nc5 {[%emt 0:00:35]} b3 {[%emt 0:00:30]} 29. Rb1 {[%emt 0:00:30]} b2 {[%emt 0:00:00]} 0-1

[Event "ESTCC 50 2019"]
[Site "Mali Losinj"]
[Date "2019.09.25"]
[Round "8.9"]
[White "Mikhalchishin, Adrian"]
[Black "Burchardt, Brigitte"]
[Result "1-0"]
[WhiteElo "2465"]
[BlackElo "2092"]
[Annotator "ChessBase"]
[PlyCount "47"]
[EventDate "2019.09.18"]
[EventType "team-tourn"]
[EventCountry "CRO"]
[SourceTitle "playchess.com"]
[Source "ChessBase"]
[SourceQuality "1"]
[WhiteTeam "Slovenia"]
[BlackTeam "Germany"]
[WhiteTeamCountry "SLO"]
[BlackTeamCountry "GER"]
[TimeControl "40/5400+30:1800+30"]

1. e4 {[%emt 0:00:30]} c5 {[%emt 0:00:30]} 2. Nf3 {[%emt 0:00:00]} d6 {[%emt 0:00:00]} 3. d4 {[%emt 0:00:00]} cxd4 {[%emt 0:00:00]} 4. Nxd4 {[%emt 0:00:00]} Nf6 {[%emt 0:00:30]} 5. Nc3 {[%emt 0:00:00]} a6 {[%emt 0:00:00]} 6. Bc4 {[%emt 0:00:30]} e6 {[%emt 0:01:00]} 7. Bb3 {[%emt 0:00:30]} Be7 {[%emt 0:00:30]} 8. f4 {[%emt 0:02:30]} Qc7 {[%emt 0:04:30]} 9. g4 {[%emt 0:05:30]} Nc6 {[%emt 0:04:30]} 10. g5 {[%emt 0:01:30]} Nxd4 {[%emt 0:02:30]} 11. Qxd4 {[%emt 0:00:30]} Nh5 {[%emt 0:00:30]} 12. Be3 {[%emt 0:04:30]} O-O {[%emt 0:12:30]} 13. O-O-O {[%emt 0:01:30]} Kh8 {[%emt 0:11:30]} 14. Rhf1 {[%emt 0:05:30]} f5 {[%emt 0:22:30]} 15. exf5 {[%emt 0:21:30]} Rxf5 {[%emt 0:00:30]} 16. Ne4 {[%emt 0:00:30]} d5 {[%emt 0:01:30]} 17. Ng3 {[%emt 0:00:30]} Nxg3 {[%emt 0:03:30]} 18. hxg3 {[%emt 0:00:30]} Bd7 {[%emt 0:04:30]} 19. g4 {[%emt 0:01:30]} Rff8 {[%emt 0:11:19]} 20. Rh1 {[%emt 0:02:30]} Bb5 {[%emt 0:11:18]} 21. g6 {[%emt 0:08:30]} Rf6 {[%emt 0:03:43]} 22. Rxh7+ {[%emt 0:00:30]} Kg8 {[%emt 0:00:02]} 23. f5 {[%emt 0:01:30]} Be8 {[%emt 0:00:37]} 24. Rdh1 {[%emt 0:00:30]} 1-0

[Event "ESTCC 50 2019"]
[Site "Mali Losinj"]
[Date "2019.09.25"]
[Round "8.10"]
[White "Wagner-Michel, Annett"]
[Black "Mohr, Georg"]
[Result "0-1"]
[WhiteElo "2055"]
[BlackElo "2445"]
[Annotator "TA"]
[PlyCount "36"]
[EventDate "2019.09.18"]
[EventType "team-tourn"]
[EventCountry "CRO"]
[SourceTitle "playchess.com"]
[Source "ChessBase"]
[SourceQuality "1"]
[WhiteTeam "Germany"]
[BlackTeam "Slovenia"]
[WhiteTeamCountry "GER"]
[BlackTeamCountry "SLO"]

{[%evp 12,100,18,22,21,-15,12,20,26,-5,36,0,0,-18,7,4,11,0,0,-16,-20,-18,-14,-52,-40,-81,-64,-66,-65,-71,-73,-70,-70,-79,-64,-64,-64,-65,-64,-62,-62,-62,-62,-62,-62,-69,-68,-77,-77,-115,-71,-71,-67,-152,-139,-175,-179,-179,-179,-205,-198,-205,-198,-201,-194,-207,-220,-255,-249,-422,-417,-410,-284,-330,-330,-325,-326,-349,-341,-455,-383,-983,-983,-892,-858,-5718,-737,-29977,-29976,-5381,-1765]} 1. e4 c5 2. Nf3 e6 3. d4 cxd4 4. Nxd4 Nc6 5. Be3 Nf6 6. Nc3 a6 7. Be2 Bb4 {B46: Sicilian: Taimanov: 5 Nc3 a6} (7... d6 8. O-O Be7 9. f4 O-O 10. a4 Bd7 11. Kh1 Qc7 12. Nb3 b6 13. Bf3 Rab8 14. g4 Bc8 15. g5 Nd7 16. Bg2 Re8 17. Rf3 g6 18. Rh3 Bf8 19. Qe1 Bg7 20. Qh4 Nf8 21. f5 Bxc3 22. f6 h5 23. bxc3 e5 24. Rg3 Nd8 {1-0 (32) Vachier Lagrave,M (2758)-Movsesian,S (2658) Berlin 2015}) 8. Bf3 Qc7 9. Nxc6 bxc6 {The position is equal.} 10. O-O Be7 11. g3 O-O 12. Re1 d6 13. Na4 Rb8 14. c4 c5 15. Qc2 Nd7 $146 16. Bg2 Ne5 17. Rad1 Bd7 18. Bf4 Bf6 {Played: Rb8-b4} 0-1

[Event "ESTCC 50 2019"]
[Site "Mali Losinj"]
[Date "2019.09.25"]
[Round "8.11"]
[White "Mencinger, Vojko"]
[Black "Kierzek, Mira"]
[Result "1-0"]
[WhiteElo "2332"]
[BlackElo "2015"]
[Annotator "NA"]
[PlyCount "83"]
[EventDate "2019.09.18"]
[EventType "team-tourn"]
[EventCountry "CRO"]
[SourceTitle "playchess.com"]
[Source "ChessBase"]
[SourceQuality "1"]
[WhiteTeam "Slovenia"]
[BlackTeam "Germany"]
[WhiteTeamCountry "SLO"]
[BlackTeamCountry "GER"]
[TimeControl "40/5400+30:1800+30"]

1. e4 {[%emt 0:01:30]} Nc6 {[%emt 0:00:30]} 2. d4 {[%emt 0:01:30]} d6 {[%emt 0:00:30]} 3. f3 {[%emt 0:07:30]} Nf6 {[%emt 0:03:30]} 4. Be3 {[%emt 0:00:30]} g6 {[%emt 0:05:30]} 5. c3 {[%emt 0:04:30]} Bg7 {[%emt 0:01:30]} 6. Bd3 {[%emt 0:00:00]} a6 {[%emt 0:04:30]} 7. Ne2 {[%emt 0:00:00]} e5 {[%emt 0:02:30]} 8. d5 {[%emt 0:00:30]} Ne7 {[%emt 0:00:30]} 9. c4 {[%emt 0:02:30]} Nd7 {[%emt 0:05:30]} 10. Nbc3 {[%emt 0:00:30]} O-O {[%emt 0:00:30]} 11. O-O {[%emt 0:15:30]} f5 {[%emt 0:01:30]} 12. b4 {[%emt 0:00:30]} f4 {[%emt 0:01:30]} 13. Bf2 {[%emt 0:00:00]} g5 {[%emt 0:02:30]} 14. c5 {[%emt 0:01:00]} Nf6 {[%emt 0:00:30]} 15. Na4 {[%emt 0:08:30]} Ng6 {[%emt 0:15:30]} 16. cxd6 {[%emt 0:01:30]} cxd6 {[%emt 0:00:30]} 17. Nb6 {[%emt 0:01:30]} Rb8 {[%emt 0:00:30]} 18. Rc1 {[%emt 0:06:30]} Bd7 {[%emt 0:09:30]} 19. Qc2 {[%emt 0:06:30]} Ne8 {[%emt 0:02:30]} 20. a4 {[%emt 0:05:30]} g4 {[%emt 0:04:30]} 21. Nxd7 {[%emt 0:01:30]} Qxd7 {[%emt 0:00:30]} 22. Kh1 {[%emt 0:04:30]} h5 {[%emt 0:00:30]} 23. b5 {[%emt 0:02:30]} axb5 {[%emt 0:04:30]} 24. Bxb5 {[%emt 0:00:00]} Qe7 {[%emt 0:03:30]} 25. Ba7 {[%emt 0:01:00]} Ra8 {[%emt 0:00:30]} 26. Bb6 {[%emt 0:00:30]} Bf6 {[%emt 0:05:30]} 27. Qb3 {[%emt 0:00:30]} Kh7 {[%emt 0:00:30]} 28. Rc2 {[%emt 0:00:30]} Rf7 {[%emt 0:01:30]} 29. Rfc1 {[%emt 0:00:30]} Nf8 {[%emt 0:07:42]} 30. Rc8 {[%emt 0:06:30]} Rxc8 {[%emt 0:00:25]} 31. Rxc8 {[%emt 0:00:30]} Nd7 {[%emt 0:00:14]} 32. a5 {[%emt 0:00:00]} Bg7 {[%emt 0:05:07]} 33. Bd8 {[%emt 0:02:00]} Qf8 {[%emt 0:01:17]} 34. Bb6 {[%emt 0:06:25]} Qe7 {[%emt 0:01:24]} 35. Bf2 {[%emt 0:01:24]} Kg6 {[%emt 0:04:52]} 36. Ba4 {[%emt 0:01:44]} Ndf6 {[%emt 0:04:15]} 37. Bh4 {[%emt 0:00:23]} Nc7 {[%emt 0:00:33]} 38. Qxb7 {[%emt 0:05:20]} Bh6 {[%emt 0:00:24]} 39. a6 {[%emt 0:00:36]} Bg5 {[%emt 0:00:28]} 40. Bf2 {[%emt 0:00:40]} h4 {[%emt 0:00:56]} 41. a7 {[%emt 0:04:28]} h3 {[%emt 0:04:53]} 42. Rxc7 {[%emt 0:01:30]} 1-0

[Event "ESTCC 50 2019"]
[Site "Mali Losinj"]
[Date "2019.09.25"]
[Round "8.12"]
[White "Leib, Britta"]
[Black "Plesec, Damjan"]
[Result "0-1"]
[WhiteElo "1883"]
[BlackElo "2216"]
[Annotator "NA"]
[PlyCount "84"]
[EventDate "2019.09.18"]
[EventType "team-tourn"]
[EventCountry "CRO"]
[SourceTitle "playchess.com"]
[Source "ChessBase"]
[SourceQuality "1"]
[WhiteTeam "Germany"]
[BlackTeam "Slovenia"]
[WhiteTeamCountry "GER"]
[BlackTeamCountry "SLO"]
[TimeControl "40/5400+30:1800+30"]

1. e4 {[%emt 0:00:30]} d5 {[%emt 0:00:30]} 2. exd5 {[%emt 0:00:30]} Qxd5 {[%emt 0:00:30]} 3. Nc3 {[%emt 0:00:30]} Qa5 {[%emt 0:00:30]} 4. Bc4 {[%emt 0:00:30]} Nf6 {[%emt 0:00:30]} 5. Nge2 {[%emt 0:00:30]} c6 {[%emt 0:00:30]} 6. d3 {[%emt 0:01:30]} Bf5 {[%emt 0:10:30]} 7. O-O {[%emt 0:04:30]} e6 {[%emt 0:00:30]} 8. Bf4 {[%emt 0:00:30]} Nbd7 {[%emt 0:03:30]} 9. h3 {[%emt 0:01:30]} Nb6 {[%emt 0:02:30]} 10. Bb3 {[%emt 0:02:30]} Nbd5 {[%emt 0:00:30]} 11. Bh2 {[%emt 0:03:30]} Be7 {[%emt 0:01:30]} 12. a3 {[%emt 0:04:30]} O-O {[%emt 0:02:30]} 13. Nxd5 {[%emt 0:02:30]} cxd5 {[%emt 0:01:30]} 14. Re1 {[%emt 0:05:30]} Rfe8 {[%emt 0:02:30]} 15. g4 {[%emt 0:06:30]} Bg6 {[%emt 0:00:30]} 16. Nf4 {[%emt 0:00:00]} Bd6 {[%emt 0:01:30]} 17. Nxg6 {[%emt 0:00:00]} Bxh2+ {[%emt 0:00:30]} 18. Kxh2 {[%emt 0:00:30]} hxg6 {[%emt 0:00:30]} 19. f3 {[%emt 0:03:30]} b5 {[%emt 0:08:30]} 20. d4 {[%emt 0:03:30]} Qc7+ {[%emt 0:01:30]} 21. Kg2 {[%emt 0:00:30]} a5 {[%emt 0:02:30]} 22. a4 {[%emt 0:01:30]} b4 {[%emt 0:00:30]} 23. Qd2 {[%emt 0:02:30]} Rec8 {[%emt 0:04:30]} 24. Re2 {[%emt 0:00:30]} Nd7 {[%emt 0:02:30]} 25. Qe3 {[%emt 0:04:30]} Nb6 {[%emt 0:00:30]} 26. Qe5 {[%emt 0:00:30]} Qxe5 {[%emt 0:03:30]} 27. dxe5 {[%emt 0:01:30]} Nd7 {[%emt 0:00:00]} 28. Ba2 {[%emt 0:02:30]} Rc7 {[%emt 0:03:00]} 29. Rd1 {[%emt 0:01:30]} g5 {[%emt 0:04:30]} 30. Kg3 {[%emt 0:04:30]} Rac8 {[%emt 0:02:30]} 31. Bb3 {[%emt 0:03:30]} Kf8 {[%emt 0:04:30]} 32. h4 {[%emt 0:03:30]} gxh4+ {[%emt 0:00:00]} 33. Kxh4 {[%emt 0:00:00]} Ke7 {[%emt 0:00:00]} 34. Kg3 {[%emt 0:01:00]} Rh8 {[%emt 0:00:30]} 35. Ba2 {[%emt 0:03:30]} g5 {[%emt 0:03:30]} 36. Rg1 {[%emt 0:04:30]} Rcc8 {[%emt 0:03:30]} 37. Bb1 {[%emt 0:05:30]} Nc5 {[%emt 0:02:30]} 38. b3 {[%emt 0:01:30]} Nd7 {[%emt 0:01:30]} 39. Rge1 {[%emt 0:01:30]} Rc3 {[%emt 0:01:30]} 40. Rf1 {[%emt 0:01:30]} Rh4 {[%emt 0:00:30]} 41. Rd1 {[%emt 0:30:30]} Nf8 {[%emt 0:31:30]} 42. Rd3 {[%emt 0:04:01]} Rh1 {[%emt 0:01:30]} 0-1

[Event "ESTCC 50 2019"]
[Site "Mali Losinj"]
[Date "2019.09.25"]
[Round "8.13"]
[White "Ponce Navalon, Jose"]
[Black "Krebs, Johann"]
[Result "1-0"]
[WhiteElo "2024"]
[BlackElo "2226"]
[Annotator "NA"]
[PlyCount "93"]
[EventDate "2019.09.18"]
[EventType "team-tourn"]
[EventCountry "CRO"]
[SourceTitle "playchess.com"]
[Source "ChessBase"]
[SourceQuality "1"]
[WhiteTeam "Spain"]
[BlackTeam "Austria"]
[WhiteTeamCountry "ESP"]
[BlackTeamCountry "AUT"]
[TimeControl "40/5400+30:1800+30"]

1. e4 {[%emt 0:00:30]} g6 {[%emt 0:00:30]} 2. d4 {[%emt 0:00:30]} Bg7 {[%emt 0:00:30]} 3. Nf3 {[%emt 0:00:00]} c5 {[%emt 0:01:30]} 4. dxc5 {[%emt 0:11:00]} Qa5+ {[%emt 0:00:30]} 5. c3 {[%emt 0:00:30]} Qxc5 {[%emt 0:00:00]} 6. Be3 {[%emt 0:00:00]} Qa5 {[%emt 0:03:00]} 7. Nbd2 {[%emt 0:02:00]} Nc6 {[%emt 0:03:30]} 8. Bc4 {[%emt 0:04:30]} Nf6 {[%emt 0:03:30]} 9. Qe2 {[%emt 0:11:30]} O-O {[%emt 0:06:30]} 10. h3 {[%emt 0:01:30]} d6 {[%emt 0:17:30]} 11. O-O {[%emt 0:04:30]} Bd7 {[%emt 0:02:30]} 12. Bf4 {[%emt 0:03:30]} Rac8 {[%emt 0:06:30]} 13. Qe3 {[%emt 0:06:30]} b5 {[%emt 0:08:30]} 14. b4 {[%emt 0:05:30]} Qa6 {[%emt 0:03:30]} 15. Bb3 {[%emt 0:02:30]} Qb7 {[%emt 0:05:30]} 16. Rac1 {[%emt 0:02:30]} a5 {[%emt 0:06:30]} 17. a3 {[%emt 0:00:00]} Ra8 {[%emt 0:01:30]} 18. Ra1 {[%emt 0:06:00]} Rfc8 {[%emt 0:02:30]} 19. Rfd1 {[%emt 0:03:30]} Nd8 {[%emt 0:06:33]} 20. e5 {[%emt 0:10:30]} dxe5 {[%emt 0:01:03]} 21. Nxe5 {[%emt 0:00:30]} Be6 {[%emt 0:00:39]} 22. c4 {[%emt 0:00:30]} axb4 {[%emt 0:04:40]} 23. axb4 {[%emt 0:00:30]} Rxa1 {[%emt 0:01:45]} 24. Rxa1 {[%emt 0:00:30]} bxc4 {[%emt 0:00:02]} 25. Ndxc4 {[%emt 0:00:00]} Nd5 {[%emt 0:00:31]} 26. Na5 {[%emt 0:05:43]} Nxe3 {[%emt 0:04:14]} 27. Nxb7 {[%emt 0:00:07]} Bxb3 {[%emt 0:00:57]} 28. Nxd8 {[%emt 0:00:13]} Nd5 {[%emt 0:03:38]} 29. Ndc6 {[%emt 0:01:36]} f6 {[%emt 0:01:57]} 30. Na7 {[%emt 0:03:47]} Ra8 {[%emt 0:03:07]} 31. Nd3 {[%emt 0:05:03]} Bc4 {[%emt 0:00:22]} 32. Ra5 {[%emt 0:05:02]} Nc3 {[%emt 0:01:29]} 33. Nb2 {[%emt 0:00:24]} Ne2+ {[%emt 0:00:37]} 34. Kh2 {[%emt 0:00:17]} Bf7 {[%emt 0:00:21]} 35. Be3 {[%emt 0:00:31]} f5 {[%emt 0:00:14]} 36. Nd3 {[%emt 0:00:10]} Nc3 {[%emt 0:00:38]} 37. Ne5 {[%emt 0:01:04]} Nd5 {[%emt 0:00:22]} 38. Nac6 {[%emt 0:02:57]} Re8 {[%emt 0:00:56]} 39. Bc5 {[%emt 0:00:29]} Bf6 {[%emt 0:00:45]} 40. Ra7 {[%emt 0:01:19]} Be6 {[%emt 0:00:29]} 41. b5 {[%emt 0:00:48]} Bxe5+ {[%emt 0:14:04]} 42. Nxe5 {[%emt 0:00:30]} Rb8 {[%emt 0:00:17]} 43. Ra5 {[%emt 0:00:30]} Nc3 {[%emt 0:06:06]} 44. b6 {[%emt 0:00:30]} Bd5 {[%emt 0:00:15]} 45. Bd4 {[%emt 0:00:30]} Ne2 {[%emt 0:00:36]} 46. Rxd5 {[%emt 0:00:30]} Nxd4 {[%emt 0:00:12]} 47. Nd7 {[%emt 0:00:30]} 1-0